All Animorphs Books in 8 Minutes - Statistics

General Stats
  • This quiz has been taken 3 times
  • The average score is 60 of 64
Answer Stats
Number in series Book title % Correct
Megamorphs #4 Back to Before
100%
#45 The Revelation
100%
Megamorphs #3 Elfangor's Secret
100%
Megamorphs #2 In The Time of Dinosaurs
100%
#51 The Absolute
100%
#8 The Alien
100%
The Andalite Chronicles
100%
Megamorphs #1 The Andalite's Gift
100%
#10 The Android
100%
#53 The Answer
100%
#38 The Arrival
100%
#26 The Attack
100%
#54 The Beginning
100%
#6 The Capture
100%
#13 The Change
100%
#31 The Conspiracy
100%
#46 The Deception
100%
#19 The Departure
100%
#20 The Discovery
100%
#49 The Diversion
100%
The Ellimist Chronicles
100%
#3 The Encounter
100%
#15 The Escape
100%
#28 The Experiment
100%
#25 The Extreme
100%
#11 The Forgotten
100%
The Hork-Bajir Chronicles
100%
#33 The Illusion
100%
#1 The Invasion
100%
#42 The Journey
100%
#4 The Message
100%
#40 The Other
100%
#5 The Predator
100%
#23 The Pretender
100%
#34 The Prophecy
100%
#35 The Proposal
100%
#12 The Reaction
100%
#48 The Return
100%
#30 The Reunion
100%
#52 The Sacrifice
100%
#9 The Secret
100%
#32 The Separation
100%
#29 The Sickness
100%
#22 The Solution
100%
#7 The Stranger
100%
#43 The Test
100%
#21 The Threat
100%
#50 The Ultimate
100%
#17 The Underground
100%
#14 The Unknown
100%
#2 The Visitor
100%
#16 The Warning
100%
#37 The Weakness
100%
Visser
100%
#18 The Decision
67%
#27 The Exposed
67%
#41 The Familiar
67%
#39 The Hidden
67%
#36 The Mutation
67%
#24 The Suspicion
67%
#44 The Unexpected
67%
Alternamorphs #1 The First Journey
33%
Alternamorphs #2 The Next Passage
33%
#47 The Resistance
33%
No matching quizzes found
Score Distribution
Percent of People with Each Score
Percentile by Number Answered
Your Score History
You have not taken this quiz